01299nam a2200277 a 450000100100000000500170001000800410002702000180006804000250008608200160011110000470012724500770017426000360025130000200028749000300030749000190033750000670035659000260042383000370044983000260048695201290051295201290064195201140077095201200088499900170100400004843720240314193807.0190315s2019 dr r 000 0 spa d a9789945423433 aDO-SdBNPbspacBNPHU axxxxbM896i1 aMoscoso Segarra, Alejandro Ad1964-96224113aLa institucionalidad hímnica dominicana. /cAlejandro Moscoso Segarra. aSanto Domingo :bUNAPEC,c2019. a32 p. ;c21 cm.1 aUNAPEC por un mundo mejor1 aArtículosv2 aIncluye datos biográficos del autor en las paginas del 29-32 aInventariado, 2019/BT 0aUNAPEC por un mundo mejor922883 0aArtículosn2975852 001054708DSaGRbGRcHDd2019-03-15iLF1l0oxxxx M896ip48437-30r2020-06-25te. 3w2020-06-25yLFDSZPréstamo en sala 001054708DSaGRbGRcHDd2019-03-15iLF1l0oxxxx M896ip48437-40r2020-06-25te. 4w2020-06-25yLFDSZPréstamo en sala 0010718PDaPDbPDcHDd2019-03-15iLF1l0oxxxx M896ip48437-10r2020-06-25w2020-06-25yLFPDZNo se presta 0010718PDaPDbPDcHDd2019-03-15iLF1l0oxxxx M896ip48437-20r2020-06-25te. 2w2020-06-25yLFPDZNo se presta c47925d47925